000 01023nam a2200289 a 4500
001 53656
003 AR-BaAGN
005 20240108120239.0
007 ta
008 s ag |||||r|||| ||| ||spa d
020 _a9789878509242
040 _aAR-BaAGN
_bspa
_eaacr
100 1 _aSalamone, José
_97241
245 1 0 _aMaldita grieta :
_bArgentina, el arquetipo del héroe trágico : enfoque psico-socio-cultural del desencuentro social y político argentino : ¿por qué el futuro de la Argentina está atado a la capacidad de re-significación del movimiento peronista? /
_cJosé Salamone; prólogo de Oscar Vignale.
250 _a1a ed.
260 _aBuenos Aires :
_bDunken,
_c2020.
300 _a254 páginas ;
_c23 cm.
336 _btxt
_2rdacontent
337 _bn
_2rdamedia
338 _bnc
_2rdacarrier
650 4 _aPOLÍTICA ARGENTINA
_95024
650 4 _aSOCIOLOGÍA
_91987
650 4 _aPSICOLOGÍA
_91942
650 4 _aPERONISMO
_92600
700 1 _aVignale, Oscar
_97242
_eaui
942 _cLIBRO
_kAGN
_n0
999 _c53656
_d53656